Los principios de la prueba en el proceso penal

Uloženo v:
Podrobná bibliografie
Hlavní autor: Jaén Vallejo, Manuel (Autor)
Médium: Kniha
Jazyk:španělština
Vydáno: Bogotá Universidad Externado de Colombia 2000
Vydání:1a. ed
Edice:Colección de Estudios Nº 18
Témata:
Tagy: Přidat tag
Žádné tagy, Buďte první, kdo vytvoří štítek k tomuto záznamu!

MARC

LEADER 00000cam a2200000 a 4500
001 UCC5757
003 CL-VaPUC
008 181026e20000000ck |||||||||||||||||spa|d
020 |a 9586164942 
082 0 4 |a 345  |b JAE  |2 21 
100 |a Jaén Vallejo, Manuel  |e author  |9 602825 
245 1 4 |a Los principios de la prueba en el proceso penal 
250 |a 1a. ed 
300 |a 65 p 
942 |c BK 
945 |d 20181026 16:22:00  |a dcastane 
260 |a Bogotá  |b Universidad Externado de Colombia  |c 2000 
650 7 |a DERECHO PENAL COLOMBIANO  |2 CL-VaPUC  |9 541146 
650 0 |a Prueba  |9 256247 
650 0 |a Jurisprudencia  |9 255952 
583 |a last modification  |c 20181026 16:22:00  |k Rodrigo Vera 
490 0 |a Colección de Estudios Nº 18 
999 |c 372871  |d 372869 
952 |0 0  |1 0  |2 ddc  |3 erb  |4 0  |6 345_000000000000000_JAE_2000  |7 0  |8 A  |9 490745  |a BIBDER  |b BIBDER  |e Mateluna Arestizabal, Alfredo Sergio  |i 5491886  |o 345 JAE 2000  |p 5491886  |r 2023-01-25  |w 2019-11-24  |y MX  |z Catalogado en:20181026  |k DER